000 03028nam a2200241Ia 4500
003 OSt
005 20251113110840.0
008 210210b2017 xxu||||| |||| 00| 0 eng d
020 _a9789383717217
040 _cAL
041 _aKannada
082 _aK894.9 MOHG
100 _aMOHANA KUNTAR
_dಮೋಹನ ಕುಂಟಾರ್
_9245352
245 _aGadinadu nudisogadu
_bಗಡಿನಾಡ ನುಡಿಸೊಗಡು
260 _aHosapet
_bYaji Prakashana
_c2017
300 _a165
520 _aಭಾರತದ ಪ್ರತಿಯೊಂದು ರಾಜ್ಯಗಳಲ್ಲಿ ಕೂಡ ಅಲ್ಲಿನದೇ ಆದ ಪ್ರತ್ಯೇಕ ಮತ್ತು ವಿಶಿಷ್ಟ ಸಂಸ್ಕೃತಿಯಿದೆ. ಸಾಂಸ್ಕೃತಿಕ ನೆಲೆಗಟ್ಟಿನಲ್ಲಿ, ಭಾಷಾವಾರು ಸಂಧರ್ಭಗಳಲ್ಲಿ ಅಥವಾ ಉಡುಗೆ ತೊಡುಗೆಯ ವಿಷಯಗಳಲ್ಲಿ ಪ್ರತಿ ಸಂಸ್ಕೃತಿಯು ವಿಭಿನ್ನವಾಗಿ ಗುರುತಿಸಿಕೊಂಡಿದೆ. ಆದರೆ ಎರಡು ರಾಜ್ಯಗಳ ಗಡಿಯನ್ನು ಹಂಚಿಕೊಂಡಂತಹ ಪ್ರದೇಶಗಳ ಪರಿಸ್ಥಿತಿ ಮಾತ್ರ ವಿಭಿನ್ನ. ಅಲ್ಲಿ ಎರಡೂ ರಾಜ್ಯಗಳ ಸಂಸ್ಕೃತಿ ಮೇಳೈಸಿರುತ್ತದೆ. ಜನರ ವೇಷ ಭೂಷಣ, ನಡೆ ನುಡಿ, ಸಾಂಸ್ಕೃತಿಕ ಹಿನ್ನೆಲೆ ಎಲ್ಲವೂ ಎರಡೂ ರಾಜ್ಯಗಳ ಪ್ರಭಾವಕ್ಕೆ ಒಳಗಾಗಿರುತ್ತವೆ. ಇಂತಹುದೇ ಒಂದು ಗಡಿ ಜಿಲ್ಲೆಯಾದ ಕಾಸರಗೋಡಿನ ಕುರಿತು ಬರೆದಿರುವಂತಹ ಕೃತಿ ಗಡಿನಾಡ ನುಡಿ ಸೊಗಡು. ಕೇರಳ ಮತ್ತು ಕರ್ನಾಟಕದ ಜೊತೆ ತನ್ನ ಗಡಿಯನ್ನು ಹಂಚಿಕೊಂಡಿರುವ ಕಾಸರಗೋಡು ಜಿಲ್ಲೆಯಲ್ಲಿ ಎರಡೂ ಜಿಲ್ಲೆಗಳ ಸಂಸ್ಕೃತಿಯ ಪ್ರಭಾವ ಹೇರಳವಾಗಿ ಕಾಣಬಹುದು. ಈ ಪುಸ್ತಕವು ಸಂಸ್ಕೃತಿಯ ಜೊತೆಗೆ ಭಾಷಾ ಕೊಡುಕೊಳ್ಳುವಿಕೆಯ ಕುರಿತು ವಿಶೇಷವಾಗಿ ಮಾಹಿತಿಯನ್ನು ನೀಡುತ್ತದೆ. ಲೇಖಕರಾದ ಮೋಹನ್‍ ಕುಂಟಾರ್‍ ಅವರು ಬರೆದಂತಹ ಹಲವು ಲೇಖನಗಳ ಸಂಗ್ರಹ ಇದಾಗಿದ್ದರು ಪುಸ್ತಕವು ಗಡಿನಾಡ ಸೊಬಗಿನ ಕುರಿತು ಮತ್ತು ಅಲ್ಲಿನ ಪರಿಸ್ಥಿತಿಗಳ ಕುರಿತು ಕಲಾತ್ಮಕವಾದ ವಿವರಣೆಯನ್ನು ನೀಡಿದ್ದಾರೆ.
650 _anudisogadu
_9245353
650 _aGadinadu
_9245354
690 _aKannada Criticism
_9245355
906 _a072230
942 _2ddc
_cBK
999 _c122131
_d122131